Natural rubber processability (Record no. 63600)

MARC details
000 -LEADER
fixed length control field 00340nam a2200109Ia 4500
100 ## - MAIN ENTRY--AUTHOR NAME
Personal name Long J M
245 #0 - TITLE STATEMENT
Title Natural rubber processability
260 ## - PUBLICATION, DISTRIBUTION, ETC. (IMPRINT)
Name of publisher Proceedings of the International Rubber Conference, Kuala Lumpur, Malaysia, V.2. 1985; p571-588
650 ## - SUBJECT ADDED ENTRY--TOPICAL TERM
Topical Term NR processing
942 ## - ADDED ENTRY ELEMENTS (KOHA)
Koha item type Journals
Holdings
Withdrawn status Lost status Damaged status Not for loan Home library Current library Shelving location Date acquired Koha item type
      Journals RRII Library RRII Library Rubber chemistry 17/12/2021 Journals